000 00721 a2200181 4500
020 _a0750678305
020 _a9780750678308
040 _aDLC
_bDLC
100 1 _aKehtarnavaz, Nasser.
245 1 0 _aReal-time digital signal processing based on the TMS320C6000
_cNasser Kehtarnavaz ; with laboratory contributions by Namjin Kim.
246 3 _aReal-time digital signal processing based on the TMS320C6000
260 _aAmsterdam ;
_aBoston :
_bElsevier ;
_bNewnes,
_cc2005.
300 _axii, 306 p. :
_bill. ;
_c24 cm. +
_e1 CD-ROM (4 3/4 in.)
500 _aIncludes index.
650 0 _aSignal processing
_xDigital techniques.
650 0 _aTexas Instruments TMS320 series microprocessors.
942 _cBK
_k621.3822 KEH
_2ddc
999 _c10017
_d10017